| 000 | 01586cam a2200373 a 4500 | ||
|---|---|---|---|
| 999 |
_c1264 _d1264 |
||
| 001 | 13233166 | ||
| 003 | OSt | ||
| 005 | 20221227134136.0 | ||
| 008 | 030610s2003 nyua c 000 1 eng | ||
| 010 | _a 2003013267 | ||
| 020 | _a9780064410137 | ||
| 020 | _a0060296410 (lib. bdg.) | ||
| 040 |
_aDLC _cDLC _dDLC _dKH8 |
||
| 042 | _alcac | ||
| 082 | 0 | 0 |
_aFIC SNI _222 |
| 100 | 1 |
_aSnicket, Lemony. _eAUTHOR |
|
| 245 | 1 | 4 |
_aThe Slippery Slope / _cby Lemony Snicket ; illustrations by Brett Helquist. |
| 250 | _a1st ed. | ||
| 260 |
_aNew York : _bHarperCollins, _c2003. |
||
| 300 |
_a337 p. : _bill. ; _c19 cm. |
||
| 490 | 1 |
_aA series of unfortunate events ; _vbk. the 10th |
|
| 520 | _aIn the perilous Mortmain Mountains, Klaus and Violet Baudelaire meet another well-read person, who helps them try to rescue Sunny from the villainous Count Olaf and his henchmen as they all near "the last safe place." | ||
| 650 | 1 |
_aOrphans _vFiction. |
|
| 650 | 1 |
_aBrothers and sisters _vFiction. |
|
| 650 | 1 |
_aMountains _vFiction. |
|
| 650 | 1 | _aHumorous stories. | |
| 700 | 1 |
_aHelquist, Brett, _eill. |
|
| 800 | 1 |
_aSnicket, Lemony. _tSeries of unfortunate events ; _vbk. 10. |
|
| 856 | 4 | 2 |
_3Publisher description _uhttp://www.loc.gov/catdir/description/hc042/2003013267.html |
| 856 | 4 | 2 |
_3Contributor biographical information _uhttp://www.loc.gov/catdir/enhancements/fy0911/2003013267-b.html |
| 906 |
_a7 _bcbc _corignew _d1 _eecip _f20 _gy-gencatlg |
||
| 942 |
_2ddc _cFIC |
||